000 00222nam a2200121Ia 4500
100 _a#N/A
650 _aComputer/ IT
942 _cBK
654 _aembedded
245 _aGo Embedded
260 _b#N/A
546 _aENGLISH
999 _c23135
_d23135